000 00365pam a2200157a 44500
008 230515b2011 xxu||||| |||| 00| 0 eng d
020 _a9788123901626 MECH.
041 _aENGLISH
082 _a0
100 _aMAHADEVAN K
245 _aDESIGN DATA HAND BOOK
250 _a0
260 _aNEW DELHI
_bC B S PUBLICATION
_c2011
300 _a453P
650 _aNULL
999 _c600987
_d600987